000 00674nam a2200133Ia 4500
008 100328s9999 xx 000 0 und d
082 _b65327
100 _aभोसले सु.बा.
245 _aभारतमातेचा तेजस्वी पुत्र स्वातंत्र्यवीर सावरकर.
260 _bअमोल.
630 _aभारतमातेचा तेजस्वी पुत्र स्वातंत्र्यवीर सावरकर.
730 _aभारतमातेचा तेजस्वी पुत्र स्वातंत्र्यवीर सावरकर.
942 _cBOOK
999 _c551074
_d551071